000 00206nam a22000857a 4500
008 161228b xxu||||| |||| 00| 0 eng d
100 _92218
_aGupta.R.G
245 _aMathematics -6
260 _aNew Delhi
_bAPC
_c2010
999 _c5106
_d5106